00924nam a2200217 a 450000100100000000500170001000800410002702000300006804000250009808200150012324500430013826000360018130000210021759000260023870000340026471000500029895201130034895201140046195201140057599900170068900003448420200930073727.0111005s2005 xxk r 000 0 spa d a9781872843865 (tapa dura) aDO-SdBNPbspacBNPHU axxxxbxxxx00aA history of Korea /ctranslated by J. aLondon :bSaffron Books,c2005. a351 p. ;c22 cm. aInventariado, 2019/BT1 aLieu, Joshua Van,etr.9599262 aKorea Historical Research Association.959927 001050718MOaGRbGRcHDd2011-10-05iLF1l0oxxxx xxxxp34484-10r2020-06-25w2020-06-25y1ZNo se presta 0010507-18MOaGRbGRcOId2011-10-05iLF1l0oxxxx xxxxp34485-10r2020-06-25w2020-06-25y1ZNo se presta 0010507-18MOaGRbGRcOId2011-10-05iLF1l0oxxxx xxxxp34486-10r2020-06-25w2020-06-25y1ZNo se presta c33975d33975